000 00464nam a2200157Ia 4500
008 240729s9999 xx 000 0 und d
022 _a1994-7151
245 0 _aMountain Research and Development
260 _aSwitzerland
260 _bInternational Mountain Society
650 _a Environmental sciences
650 _aGeography. Anthropology. Recreation
856 _uhttps://doaj.org/toc/7f334420a67546279dc2e356a8402dce
942 _2ddc
942 _cDOAJEJ
999 _c72914
_d72914
945 _a1
_bMadushi Gamage
_c1
_dMadushi Gamage